| Tag |
First Indicator |
Second Indicator |
Subfields |
| LEADER |
00000cam a2200000 4500 |
| 001 |
in00000679021 |
| 005 |
20151015163233.0 |
| 008 |
770323s1928 nyu b 00011 eng d |
| 010 |
|
|
|a 28023924
|
| 035 |
|
|
|a (OCoLC)02827903
|
| 035 |
|
|
|9 ACZ5891AM
|
| 040 |
|
|
|a CWR
|c CWR
|d TXA
|d UtOrBLW
|
| 049 |
|
|
|a TXAM
|c [89809]
|
| 090 |
|
|
|a PR4747.A2
|b B38 1928
|
| 100 |
1 |
|
|a Hardy, Thomas,
|d 1840-1928.
|
| 245 |
1 |
4 |
|a The return of the native /
|c by Thomas Hardy ; with an introduction by Albert C. Baugh.
|
| 264 |
|
1 |
|a New York :
|b Macmillan,
|c [1928]
|
| 264 |
|
4 |
|c ©1928
|
| 300 |
|
|
|a xxiii, 455 pages ;
|c 19 cm.
|
| 336 |
|
|
|a text
|b txt
|2 rdacontent
|
| 337 |
|
|
|a unmediated
|b n
|2 rdamedia
|
| 338 |
|
|
|a volume
|b nc
|2 rdacarrier
|
| 504 |
|
|
|a "Bibliographical note": pages xxii.
|
| 541 |
0 |
|
|a Donated by the estate of John Paul & Virginia Burns Abbott, June 1996.
|
| 541 |
0 |
|
|a From the Library of Harrison T. Meserole 2002.
|
| 700 |
1 |
|
|a Baugh, Albert C.
|q (Albert Croll),
|d 1891-1981.
|
| 999 |
|
|
|a MARS
|
| 999 |
f |
f |
|s aa75d240-8e61-3e41-8f2e-7f19b70a0c15
|i 34128d7e-6da2-375c-be12-52d8b7b8cb86
|t 0
|
| 952 |
f |
f |
|p ric
|a Texas A&M University
|b Rellis Campus
|c Joint Library Facility
|s JLF
|d Remote Storage
|t 0
|e PR4747.A2 B38 1928
|h Library of Congress classification
|i unmediated -- volume
|m A14820362788
|
| 952 |
f |
f |
|p normal
|a Texas A&M University
|b College Station
|c Sterling C. Evans Library
|s Evans stk
|d Evans: Library Stacks
|t 0
|e PR4747.A2 B38 1928
|h Library of Congress classification
|i unmediated -- volume
|m A14804237452
|
| 998 |
f |
f |
|a PR4747.A2 B38 1928
|t 0
|l Evans: Library Stacks
|
| 998 |
f |
f |
|a PR4747.A2 B38 1928
|t 0
|l Remote Storage
|